000 00391nam a2200157Ia 4500
008 230917s9999||||xx |||||||||||||| ||und||
040 _e215437
_aMAIN
041 _aEnglish
082 _a660.6 S91B(2)
100 _aShuler, Michael L
245 0 _aBioprocess engineering: Basic concepts
250 _a2nd. ed.
260 _aDelhi
_bPHI Learning
_c2007
300 _a553 p.
942 _cBK
999 _c166227
_d166227